| 000 | 00726nam a2200241Ia 4500 | ||
|---|---|---|---|
| 001 | 11047 | ||
| 003 | GE_BSU | ||
| 008 | 181216s||||||||xx |||||||||||||| ||und|| | ||
| 020 | _a9785496004176 | ||
| 040 | _cGE_BSU | ||
| 080 | _a316.354(075) | ||
| 100 | _aГостенина,В.И. | ||
| 245 | _aСоциология управления:Учебное пособие. | ||
| 245 | _cВед.ред.Е.Каляева,худ.Л.Адуевская. | ||
| 260 | _aМосква | ||
| 260 | _bПитер. | ||
| 260 | _c2013. | ||
| 300 | _a368стр,илл,24см. | ||
| 520 | _aСтандарт третьего поколения. | ||
| 541 | _h50л. | ||
| 653 | _aСоциология управления. | ||
| 942 | _cBK | ||
| 999 |
_c44289 _d44289 |
||